| 000 | 00809nam a2200181 a 4500 | ||
|---|---|---|---|
| 003 | 0 | ||
| 005 | 20250505154904.0 | ||
| 008 | 050809s19uu xx 00 eng d | ||
| 050 |
_aPHS LB 2350.5 _b.S67 2005 |
||
| 100 | _aSoriano, Alessandra Amaia M. | ||
| 245 |
_aA Comparative study on the perceptions of students from international and local schools on how their school prepares them for college or university work / _cAlessandra Amaia M. Soriano. |
||
| 260 |
_aLas PiƱas City, Philippines : _bSouthville International School and Colleges, _c2005. |
||
| 300 |
_aunnumbered pages : _billustrations ; _c28 cm. |
||
| 504 | _aIncludes bibliographical references. | ||
| 650 |
_2Library of Congress Subject Headings _aCollege preparation _zPhilippines _xComparative studies. |
||
| 942 |
_2lcc _cPASS |
||
| 999 |
_c97306 _d97306 |
||